Normal view
MARC view
- قصص الانبياء- داوود عليه السلام
Entry Topical Term
001 - CONTROL NUMBER
- control field: 7012
003 - CONTROL NUMBER IDENTIFIER
- control field: JO-AjAnu
005 - DATE AND TIME OF LATEST TRANSACTION
- control field: 20230606071433.0
008 - FIXED-LENGTH DATA ELEMENTS
- fixed length control field: 230606|| aca||aabn | a|a d
040 ## - CATALOGING SOURCE
- Original cataloging agency: JO-AjAnu
- Transcribing agency: JO-AjAnu
150 ## - HEADING--TOPICAL TERM
- Topical term or geographic name entry element: قصص الانبياء- داوود عليه السلام
670 ## - SOURCE DATA FOUND
- Source citation: Work cat.: (JO-AjAnu)3631: شلبي، محمود, author 7011, حياة داوود